000 00411nam a2200145Ia 4500
008 191206s9999 xx 000 0 und d
020 _a0815410867 (pbk. : a
090 _aD157.P35
245 0 _adream and the tomb: a history of the Crusades
250 _a1st Cooper Square Press ed.
260 _aCooper Square Press
260 _cc2000
300 _a"421 p. : ill., maps ; 23 cm."
999 _c15840
_d15840